000 00293nam a2200121Ia 4500
008 190216s9999||||xx |||||||||||||| ||und||
100 _aLeonid V Azaroff
245 0 _aIntorduction To Solids
260 _bTata Mcgrawhill Publishers
_c1981
300 _a977p
650 _aChemistry
942 _cBK
999 _c2315
_d2315